|
|
|
|
| LEADER |
00000nab a2200000 a 4500 |
| 001 |
vtls008163273 |
| 003 |
SK-MaSNL |
| 005 |
20260426083348.0 |
| 008 |
250505c2005 xo mr|p|||||||000 b|slo |
| 015 |
|
|
|a SNBRB2005/06
|2 snkbucl
|
| 035 |
|
|
|a (uuid)d2379021-6b61-4582-ad04-0644cb4338ff
|
| 035 |
|
|
|a urn:nbn:sk:snk-ab24zh
|
| 035 |
|
|
|a (urnnbn)urn:nbn:sk:snk:ar-a01o0w
|
| 038 |
|
|
|a SNKBUCL
|
| 040 |
|
|
|a SNKBUCL
|b slo
|c SNKBUCL
|e AACR2
|
| 041 |
0 |
|
|a slo
|
| 044 |
|
|
|a xo
|c SK
|
| 080 |
|
|
|a 336.76:336.74
|x (437.6)
|2 1997
|
| 245 |
0 |
0 |
|a Zhodnotenie vybraných častí domáceho finančného trhu za rok 2004
|
| 300 |
|
|
|b Grafy, tab.
|
| 648 |
|
7 |
|a 2004
|2 snkbucl
|9 303492
|
| 650 |
0 |
7 |
|a finančné trhy
|2 snkbucl
|9 2275
|
| 651 |
|
7 |
|a Slovensko
|2 snkbucl
|9 14231
|
| 773 |
0 |
|
|t Biatec
|g Roč. 13, č. 6 (2005), s. 19-26
|x 1335-0900
|
| 850 |
|
|
|a Slovenská národná knižnica
|
| 852 |
|
|
|a Slovenská národná knižnica
|
| 954 |
|
|
|a odborná, vedecká literatúra pôvodná (slovenská)
|2 lita
|
| 958 |
|
|
|a article2022
|
| 958 |
|
|
|a OND
|
| 958 |
|
|
|a EUIPO
|
| 999 |
|
|
|c 2903169
|d 2905099
|